[Event "23. Torneo San Viator"]
[Site "Madrid ESP"]
[Date "2014.09.28"]
[Round "1.24"]
[White "Sahuquillo Cruz, Alejandro"]
[Black "Rendo Quindos, Pedro"]
[Result "1/2-1/2"]
[WhiteElo "1766"]
[BlackElo "1657"]
[PlyCount "50"]
[EventDate "2014.09.28"]
[EventType "swiss"]
[EventRounds "9"]
[EventCountry "ESP"]
[SourceTitle "Ajedrez en Madrid"]
[Source "lmi"]
[SourceDate "2014.09.28"]
[SourceVersion "1"]
[SourceVersionDate "2014.12.18"]
[SourceQuality "1"]

1. e4 e5 2. Nf3 Nf6 3. d4 exd4 4. Qxd4 Nc6 5. Qe3 d6 6. Bd3 Be7 7. Nc3 O-O 8.
O-O Ng4 9. Qe2 Be6 10. Rd1 Re8 11. h3 Nge5 12. Nxe5 Nxe5 13. f4 Nxd3 14. Qxd3
Bd7 15. Be3 Bc6 16. Re1 Bh4 17. Re2 Qe7 18. Bd4 Bf6 19. Rae1 Bxd4+ 20. Qxd4 Qh4
21. Qf2 Qxf2+ 22. Kxf2 Kf8 23. e5 dxe5 24. Rxe5 Rxe5 25. Rxe5 Rd8 1/2-1/2

[Event "23. Torneo San Viator"]
[Site "Madrid ESP"]
[Date "2014.09.28"]
[Round "1.25"]
[White "Sierra Bermejo, Gregorio"]
[Black "Sirera Ripoll, Jose"]
[Result "0-1"]
[WhiteElo "1654"]
[BlackElo "1761"]
[PlyCount "127"]
[EventDate "2014.09.28"]
[EventType "swiss"]
[EventRounds "9"]
[EventCountry "ESP"]
[SourceTitle "Ajedrez en Madrid"]
[Source "lmi"]
[SourceDate "2014.09.28"]
[SourceVersion "1"]
[SourceVersionDate "2014.12.18"]
[SourceQuality "1"]

1. e4 c5 2. Nf3 d6 3. d4 cxd4 4. Nxd4 Nf6 5. Nc3 g6 6. Be3 Bg7 7. f3 O-O 8. Qd2
Nc6 9. O-O-O d5 10. exd5 Nxd5 11. Nxd5 Qxd5 12. Nb3 Qe5 13. c3 Be6 14. Bf4 Qf6
15. Bg5 Qe5 16. Bf4 Qf6 17. Bg5 Qe5 18. Bd3 Qd5 19. Bc2 Rfd8 20. Qxd5 Rxd5 21.
Rxd5 Bxd5 22. Rd1 e6 23. Kb1 h6 24. Be3 Ne5 25. Nd2 Rc8 26. Bd4 f5 27. b3 b5
28. Kb2 a6 29. Re1 Nd7 30. Bxg7 Kxg7 31. Nf1 Kf6 32. Ne3 Bb7 33. c4 Nc5 34. b4
Nd7 35. c5 Ne5 36. Rd1 f4 37. Ng4+ Nxg4 38. fxg4 Bxg2 39. Rd6 Rc6 40. Rd2 Bd5
41. h4 g5 42. hxg5+ Kxg5 43. a4 Kxg4 44. axb5 axb5 45. Bd3 Kg3 46. Bxb5 f3 47.
Bf1 h5 48. Kc3 h4 49. Kd4 h3 50. Bxh3 Kxh3 51. b5 Rc8 52. Rc2 Kg3 53. Ke3 Rf8
54. Rf2 Rf5 55. Rf1 Re5+ 56. Kd4 Re4+ 57. Kd3 Kg2 58. Rc1 f2 59. c6 f1=Q+ 60.
Rxf1 Kxf1 61. c7 Rc4 62. b6 Rc1 63. Kd4 Bb7 64. Ke5 0-1

[Event "23. Torneo San Viator"]
[Site "Madrid ESP"]
[Date "2014.09.28"]
[Round "1.26"]
[White "Navarro Gonzalez, Jaime"]
[Black "Manso Santamaria, Juan Carlos"]
[Result "0-1"]
[WhiteElo "1761"]
[BlackElo "1647"]
[PlyCount "83"]
[EventDate "2014.09.28"]
[EventType "swiss"]
[EventRounds "9"]
[EventCountry "ESP"]
[SourceTitle "Ajedrez en Madrid"]
[Source "lmi"]
[SourceDate "2014.09.28"]
[SourceVersion "1"]
[SourceVersionDate "2014.12.18"]
[SourceQuality "1"]

1. e4 e6 2. d4 d5 3. exd5 exd5 4. Nf3 c5 5. Be2 Nc6 6. O-O Bd6 7. dxc5 Bxc5 8.
Bg5 Nge7 9. c3 O-O 10. Nbd2 Re8 11. Nb3 Bb6 12. Nbd4 a6 13. Re1 Qd6 14. Bh4 Nf5
15. Nxf5 Bxf5 16. Bg3 Qd7 17. Qb3 Ba7 18. Nh4 Be6 19. Qc2 d4 20. Rad1 Qe7 21.
Bd3 g6 22. Bc4 Rad8 23. Bxe6 fxe6 24. cxd4 Nxd4 25. Qe4 Qf7 26. Rd3 Nf5 27.
Rxd8 Rxd8 28. Nxf5 exf5 29. Qb4 g5 30. Qa5 Rd5 31. Re8+ Kg7 32. Be5+ Kg6 33.
Qa4 Rd2 34. Bg3 Rxb2 35. h4 Rxa2 36. Qd1 Qxe8 37. Qd6+ Kf7 38. Qd7+ Qe7 39.
Qxe7+ Kg6 40. h5+ Kh6 41. Qxb7 f4 42. Qb6+ 0-1

[Event "23. Torneo San Viator"]
[Site "Madrid ESP"]
[Date "2014.09.28"]
[Round "1.27"]
[White "Benitez Cadenas, Luis Miguel"]
[Black "Martinez De Navascues, Francis"]
[Result "1/2-1/2"]
[WhiteElo "1638"]
[BlackElo "1760"]
[PlyCount "82"]
[EventDate "2014.09.28"]
[EventType "swiss"]
[EventRounds "9"]
[EventCountry "ESP"]
[SourceTitle "Ajedrez en Madrid"]
[Source "lmi"]
[SourceDate "2014.09.28"]
[SourceVersion "1"]
[SourceVersionDate "2014.12.18"]
[SourceQuality "1"]

1. d4 Nf6 2. Nd2 d5 3. e3 Bf5 4. Ngf3 e6 5. Nh4 Bg6 6. Nxg6 hxg6 7. Bd3 Bd6 8.
e4 dxe4 9. Nxe4 c6 10. c3 Nxe4 11. Bxe4 Nd7 12. g3 Qe7 13. O-O O-O-O 14. Qa4
Kb8 15. b4 Rxh2 16. Bg2 Rdh8 17. b5 c5 18. dxc5 Nxc5 19. Qd4 Qc7 20. Be3 b6 21.
a4 Be5 22. Qb4 Bxg3 23. fxg3 Rh1+ 24. Bxh1 Qxg3+ 25. Bg2 Qxe3+ 26. Rf2 e5 27.
Rd1 Kc7 28. a5 g5 29. axb6+ axb6 30. Qa3 e4 31. Qa7+ Nb7 32. Qa2 Rf8 33. Qd5 f5
34. Qe5+ Kc8 35. Qxg7 Re8 36. Qd7+ Kb8 37. Qxe8+ Ka7 38. Ra1+ Na5 39. Qd7+ Kb8
40. Qd6+ Kb7 41. Qd7+ Kb8 1/2-1/2

[Event "23. Torneo San Viator"]
[Site "Madrid ESP"]
[Date "2014.09.28"]
[Round "1.28"]
[White "Rodriguez Alonso, Marcos"]
[Black "Callejas Torres, Alejandro"]
[Result "1/2-1/2"]
[WhiteElo "1746"]
[BlackElo "1638"]
[PlyCount "68"]
[EventDate "2014.09.28"]
[EventType "swiss"]
[EventRounds "9"]
[EventCountry "ESP"]
[SourceTitle "Ajedrez en Madrid"]
[Source "lmi"]
[SourceDate "2014.09.28"]
[SourceVersion "1"]
[SourceVersionDate "2014.12.18"]
[SourceQuality "1"]

1. e4 e6 2. d4 d5 3. exd5 exd5 4. Bd3 Nf6 5. Ne2 Bd6 6. h3 Nc6 7. c3 h6 8. Nd2
O-O 9. O-O Nh5 10. Nf3 Re8 11. Qb3 a5 12. a4 b6 13. Bb5 Bb7 14. Kh1 Re6 15.
Qxd5 Nf6 16. Qb3 Na7 17. Bc4 Re7 18. Nh4 Bd5 19. Nf5 Re8 20. Bxd5 Nxd5 21. Qxd5
Rxe2 22. Nxd6 cxd6 23. b4 Rc8 24. bxa5 bxa5 25. Bf4 Rxc3 26. Qxd6 Qxd6 27. Bxd6
Rd3 28. Bc5 Nc6 29. Rad1 Red2 30. Rxd2 Rxd2 31. Bb6 Nxd4 32. Bxa5 Ra2 33. Bb6
Rxa4 34. Bxd4 Rxd4 1/2-1/2

[Event "23. Torneo San Viator"]
[Site "Madrid ESP"]
[Date "2014.09.28"]
[Round "1.29"]
[White "Mejias Gonzalez, Pedro"]
[Black "Rodriguez Lucena, Angel"]
[Result "1-0"]
[WhiteElo "1632"]
[BlackElo "1741"]
[PlyCount "47"]
[EventDate "2014.09.28"]
[EventType "swiss"]
[EventRounds "9"]
[EventCountry "ESP"]
[SourceTitle "Ajedrez en Madrid"]
[Source "lmi"]
[SourceDate "2014.09.28"]
[SourceVersion "1"]
[SourceVersionDate "2014.12.18"]
[SourceQuality "1"]

1. e4 c5 2. Nc3 e6 3. g3 Nc6 4. Bg2 g6 5. Nge2 Bg7 6. O-O Nge7 7. d3 O-O 8. Bd2
Rb8 9. Qc1 d5 10. Bh6 f5 11. Bxg7 Kxg7 12. exd5 exd5 13. Nf4 d4 14. Ncd5 Nxd5
15. Nxd5 Re8 16. Re1 Be6 17. Nf4 Bf7 18. b3 Nb4 19. a3 Rxe1+ 20. Qxe1 Nxc2 21.
Qe5+ Kg8 22. Ra2 Bxb3 23. Rb2 g5 24. Nh5 1-0

[Event "23. Torneo San Viator"]
[Site "Madrid ESP"]
[Date "2014.09.28"]
[Round "1.30"]
[White "Alonso Penalver, Angel"]
[Black "Alonso Pardo, Daniel"]
[Result "0-1"]
[WhiteElo "1716"]
[BlackElo "1630"]
[PlyCount "76"]
[EventDate "2014.09.28"]
[EventType "swiss"]
[EventRounds "9"]
[EventCountry "ESP"]
[SourceTitle "Ajedrez en Madrid"]
[Source "lmi"]
[SourceDate "2014.09.28"]
[SourceVersion "1"]
[SourceVersionDate "2014.12.18"]
[SourceQuality "1"]

1. e4 c5 2. Nf3 d6 3. d4 cxd4 4. Nxd4 g6 5. Nc3 Bg7 6. Be3 a6 7. Qd2 Nc6 8.
O-O-O Nf6 9. f3 Bd7 10. g4 O-O 11. h4 b5 12. h5 Qa5 13. Nb3 Qc7 14. hxg6 fxg6
15. Nd5 Nxd5 16. exd5 Ne5 17. Qh2 Rxf3 18. Qxh7+ Kf7 19. Bh6 Rg8 20. Nd4 Rf2
21. Be3 Rxc2+ 22. Nxc2 Rh8 23. Qxh8 Bxh8 24. Rxh8 Bxg4 25. Rd4 Bf5 26. Rd2 Qa5
27. a3 Qc7 28. Rdh2 Ng4 29. R2h7+ Kf6 30. Rf8+ Ke5 31. Bd4+ Kxd5 32. Bg2+ Ke6
33. Rxf5 gxf5 34. Kd2 Qc4 35. Bc3 Qf4+ 36. Kd3 Qg3+ 37. Kd4 Qxg2 38. Nb4 Qe4#
0-1

[Event "23. Torneo San Viator"]
[Site "Madrid ESP"]
[Date "2014.09.28"]
[Round "1.31"]
[White "Fogue Caro, David"]
[Black "Lopez Benitez, David"]
[Result "0-1"]
[WhiteElo "1617"]
[BlackElo "1709"]
[PlyCount "80"]
[EventDate "2014.09.28"]
[EventType "swiss"]
[EventRounds "9"]
[EventCountry "ESP"]
[SourceTitle "Ajedrez en Madrid"]
[Source "lmi"]
[SourceDate "2014.09.28"]
[SourceVersion "1"]
[SourceVersionDate "2014.12.18"]
[SourceQuality "1"]

1. c4 Nf6 2. Nc3 g6 3. d4 Bg7 4. g3 O-O 5. Bg2 d6 6. Nf3 c6 7. O-O Nbd7 8. e3
e5 9. dxe5 Nxe5 10. Nxe5 dxe5 11. Qc2 Bf5 12. e4 Be6 13. b3 Qc7 14. Bg5 h6 15.
Bd2 Nd7 16. Rad1 f5 17. exf5 Bxf5 18. Be4 Nc5 19. Bxf5 gxf5 20. Be3 Ne6 21. Ne2
f4 22. gxf4 exf4 23. Bd4 f3 24. Bxg7 fxe2 25. Bxf8 exf1=Q+ 26. Rxf1 Rxf8 27.
Qg6+ Qg7 28. Qxg7+ Kxg7 29. Rd1 Rf7 30. Rd3 Kf6 31. Rf3+ Ke7 32. Rxf7+ Kxf7 33.
Kg2 Kg6 34. Kg3 h5 35. h4 Kf5 36. Kf3 Nf4 37. Kg3 c5 38. f3 a5 39. Kf2 Nd3+ 40.
Ke3 Nc1 0-1

[Event "23. Torneo San Viator"]
[Site "Madrid ESP"]
[Date "2014.09.28"]
[Round "1.32"]
[White "Yeves Miquel, Enrique"]
[Black "Mateos Cordero, Francisco"]
[Result "1-0"]
[WhiteElo "1705"]
[BlackElo "1611"]
[PlyCount "93"]
[EventDate "2014.09.28"]
[EventType "swiss"]
[EventRounds "9"]
[EventCountry "ESP"]
[SourceTitle "Ajedrez en Madrid"]
[Source "lmi"]
[SourceDate "2014.09.28"]
[SourceVersion "1"]
[SourceVersionDate "2014.12.18"]
[SourceQuality "1"]

1. d4 d5 2. c4 c6 3. Nc3 Nf6 4. e3 e6 5. Nf3 Bd6 6. Qc2 Nbd7 7. Bd3 dxc4 8.
Bxc4 O-O 9. O-O Qc7 10. h3 Re8 11. b3 e5 12. Bb2 b5 13. Be2 a6 14. Rac1 Bb7 15.
dxe5 Nxe5 16. Nxe5 Rxe5 17. Bf3 Re6 18. Ne4 Nxe4 19. Bxe4 Rc8 20. Bxh7+ Kf8 21.
Bf5 Rce8 22. Bxe6 Rxe6 23. Qh7 Rg6 24. Qh8+ Ke7 25. Bxg7 c5 26. f3 Bh2+ 27. Kh1
Qg3 28. Qf8+ Ke6 29. Qe8+ Kd6 30. Bf8+ Kc7 31. Rxc5+ Kb6 32. Qd8+ Ka7 33. Rc2
Qb8 34. Qxb8+ Bxb8 35. e4 Be5 36. Rd1 a5 37. Rc5 Bg3 38. Rxb5 Rc6 39. Rxa5+ Kb6
40. Rg5 Bf4 41. Rf5 Bg3 42. Rxf7 Ba6 43. b4 Rc2 44. Bc5+ Kb5 45. a3 Kc4 46. Bd6
Bf2 47. Rc7+ 1-0

[Event "23. Torneo San Viator"]
[Site "Madrid ESP"]
[Date "2014.09.28"]
[Round "1.33"]
[White "Corral Sanchez, Jesus"]
[Black "San Felipe Gonzalez, Tomas"]
[Result "1-0"]
[WhiteElo "1605"]
[BlackElo "1700"]
[PlyCount "55"]
[EventDate "2014.09.28"]
[EventType "swiss"]
[EventRounds "9"]
[EventCountry "ESP"]
[SourceTitle "Ajedrez en Madrid"]
[Source "lmi"]
[SourceDate "2014.09.28"]
[SourceVersion "1"]
[SourceVersionDate "2014.12.18"]
[SourceQuality "1"]

1. e4 c5 2. Nf3 a6 3. d4 cxd4 4. Nxd4 e5 5. Nb3 Nf6 6. Bg5 Qb6 7. Bxf6 Qxf6 8.
Be2 Bb4+ 9. c3 Be7 10. N1d2 b5 11. O-O O-O 12. c4 bxc4 13. Nxc4 Bb7 14. Bf3 Rd8
15. Nca5 Bc6 16. Nxc6 Nxc6 17. Rc1 a5 18. Nc5 Nd4 19. Bg4 Bxc5 20. Rxc5 d6 21.
Rc7 d5 22. exd5 Rxd5 23. Qa4 Qf4 24. Qd1 Rad8 25. Rb7 f5 26. Bh3 e4 27. Qh5 g6
28. Qxh7+ 1-0

[Event "23. Torneo San Viator"]
[Site "Madrid ESP"]
[Date "2014.09.28"]
[Round "1.34"]
[White "Algaba Traspuesto, Jose Antoni"]
[Black "Mosteiro Montoro, Alvaro"]
[Result "1/2-1/2"]
[WhiteElo "1691"]
[BlackElo "1586"]
[PlyCount "112"]
[EventDate "2014.09.28"]
[EventType "swiss"]
[EventRounds "9"]
[EventCountry "ESP"]
[SourceTitle "Ajedrez en Madrid"]
[Source "lmi"]
[SourceDate "2014.09.28"]
[SourceVersion "1"]
[SourceVersionDate "2014.12.18"]
[SourceQuality "1"]

1. d4 d5 2. e3 Nf6 3. Bd3 g6 4. Nf3 Bg7 5. c4 c6 6. Nc3 Bg4 7. h3 Bxf3 8. Qxf3
e6 9. O-O O-O 10. Rd1 Re8 11. cxd5 exd5 12. b4 a6 13. a4 Nbd7 14. Bb2 Nb6 15.
b5 axb5 16. axb5 Qd6 17. bxc6 bxc6 18. Rdb1 Rxa1 19. Rxa1 Ra8 20. Qd1 Rxa1 21.
Qxa1 Qb8 22. Qa2 Bf8 23. Ba3 Qa8 24. Bxf8 Qxa2 25. Nxa2 Kxf8 26. Nb4 c5 27.
dxc5 Nbd7 28. c6 Nb6 29. Bb5 Ke7 30. Kf1 Kd6 31. Na6 Ne8 32. Ke2 Nc7 33. Nxc7
Kxc7 34. Kd3 Kd6 35. Kd4 Na8 36. e4 Nc7 37. e5+ Ke6 38. Ba4 f6 39. f4 fxe5+ 40.
fxe5 h6 41. g4 g5 42. Bb3 Nb5+ 43. Kc5 Nc7 44. Kb6 Ne8 45. c7 Nxc7 46. Kxc7
Kxe5 47. Kd7 d4 48. Ke7 Kf4 49. Kf6 Kg3 50. Kg6 Kxh3 51. Kh5 Kg3 52. Bc4 Kf4
53. Bd3 Kg3 54. Bf5 Kf4 55. Kxh6 d3 56. Bxd3 Kxg4 1/2-1/2

[Event "23. Torneo San Viator"]
[Site "Madrid ESP"]
[Date "2014.09.28"]
[Round "1.35"]
[White "Castro Uceda, Jose Antonio"]
[Black "Cuellar Gutierrez, Raul"]
[Result "0-1"]
[WhiteElo "1582"]
[BlackElo "1690"]
[PlyCount "72"]
[EventDate "2014.09.28"]
[EventType "swiss"]
[EventRounds "9"]
[EventCountry "ESP"]
[SourceTitle "Ajedrez en Madrid"]
[Source "lmi"]
[SourceDate "2014.09.28"]
[SourceVersion "1"]
[SourceVersionDate "2014.12.18"]
[SourceQuality "1"]

1. d4 d5 2. c4 e6 3. e3 Nf6 4. Nc3 Be7 5. Nf3 O-O 6. Bd3 dxc4 7. Bxc4 c5 8. O-O
Nc6 9. d5 Na5 10. b3 Nxc4 11. bxc4 exd5 12. Nxd5 Nxd5 13. Qxd5 Qxd5 14. cxd5
Bf5 15. Ba3 Be4 16. Rfd1 Rfd8 17. Nd2 Bxd5 18. e4 Be6 19. Rab1 b6 20. Rb2 Rd3
21. f4 Rxa3 22. f5 Rxa2 23. Rbb1 Bd7 24. Nc4 Bc6 25. Re1 Bf6 26. Rbd1 Bd4+ 27.
Kh1 b5 28. Nd2 Bc3 29. Nf3 Bxe1 30. Rxe1 Re8 31. e5 Bxf3 32. gxf3 c4 33. Rd1 c3
34. f4 c2 35. Rc1 Rb2 36. Kg2 Rc8 0-1

[Event "23. Torneo San Viator"]
[Site "Madrid ESP"]
[Date "2014.09.28"]
[Round "1.36"]
[White "Gil Calvente, Jose Antonio"]
[Black "Dominguez Afonso, Ayraldo"]
[Result "1-0"]
[WhiteElo "1689"]
[BlackElo "1571"]
[PlyCount "37"]
[EventDate "2014.09.28"]
[EventType "swiss"]
[EventRounds "9"]
[EventCountry "ESP"]
[SourceTitle "Ajedrez en Madrid"]
[Source "lmi"]
[SourceDate "2014.09.28"]
[SourceVersion "1"]
[SourceVersionDate "2014.12.18"]
[SourceQuality "1"]

1. d4 d5 2. Nf3 Nf6 3. e3 c5 4. Bd3 Nc6 5. O-O e6 6. b3 Bd6 7. Bb2 cxd4 8. exd4
O-O 9. Nbd2 Bd7 10. Ne5 Rc8 11. a3 Qc7 12. f4 Rfd8 13. Qe1 Ne8 14. Qh4 f5 15.
Rf3 Nf6 16. Rg3 Be8 17. Qxf6 Bg6 18. Qxe6+ Kh8 19. Nxg6+ 1-0

[Event "23. Torneo San Viator"]
[Site "Madrid ESP"]
[Date "2014.09.28"]
[Round "1.37"]
[White "Tevar Becerra, Alvaro"]
[Black "Garcia Rojas, Juan Carlos"]
[Result "1-0"]
[WhiteElo "1556"]
[BlackElo "1562"]
[PlyCount "82"]
[EventDate "2014.09.28"]
[EventType "swiss"]
[EventRounds "9"]
[EventCountry "ESP"]
[SourceTitle "Ajedrez en Madrid"]
[Source "lmi"]
[SourceDate "2014.09.28"]
[SourceVersion "1"]
[SourceVersionDate "2014.12.18"]
[SourceQuality "1"]

1. e4 e5 2. Nf3 Nc6 3. Bb5 d6 4. O-O Bd7 5. c3 Nf6 6. Re1 a6 7. Ba4 Be7 8. d4
Na7 9. dxe5 dxe5 10. Nxe5 c6 11. Qb3 O-O 12. Qxb7 Nb5 13. Nxc6 Bxc6 14. Qxc6
Qa5 15. Bxb5 axb5 16. e5 Rac8 17. Qf3 Nd7 18. Qg4 Rcd8 19. Bh6 g6 20. Bxf8 Nxf8
21. Rd1 h5 22. Qe2 Ne6 23. Rxd8+ Bxd8 24. Na3 b4 25. cxb4 Qxb4 26. Rd1 Bb6 27.
Qd3 Qh4 28. g3 Qg4 29. Nc2 Nf4 30. Ne3 Nh3+ 31. Kg2 Nf4+ 32. Kf1 Qh3+ 33. Kg1
Ne6 34. Nd5 Nd4 35. Qa3 Ne6 36. Nxb6 Qg4 37. Nd5 Qa4 38. Qb3 Qa8 39. Rc1 Kg7
40. Nc7 Nxc7 41. Rxc7 Qa5 1-0

[Event "23. Torneo San Viator"]
[Site "Madrid ESP"]
[Date "2014.09.28"]
[Round "1.38"]
[White "Cortijo Manso, Luis"]
[Black "Jarne Anguita, Miguel"]
[Result "0-1"]
[WhiteElo "1546"]
[BlackElo "1387"]
[PlyCount "92"]
[EventDate "2014.09.28"]
[EventType "swiss"]
[EventRounds "9"]
[EventCountry "ESP"]
[SourceTitle "Ajedrez en Madrid"]
[Source "lmi"]
[SourceDate "2014.09.28"]
[SourceVersion "1"]
[SourceVersionDate "2014.12.18"]
[SourceQuality "1"]

1. d4 d5 2. c4 e6 3. Nf3 Nf6 4. g3 b6 5. Bg2 Bd6 6. O-O O-O 7. Qc2 Bb7 8. Nc3
a6 9. Nd2 Nbd7 10. e4 dxe4 11. Ndxe4 Rb8 12. Nxd6 cxd6 13. Bf4 e5 14. dxe5 dxe5
15. Be3 Qc7 16. b3 Nc5 17. Nd5 Nxd5 18. cxd5 Rbd8 19. Qc4 Qd6 20. Rfd1 Rfe8 21.
Rac1 Rc8 22. Qg4 Qg6 23. Qxg6 hxg6 24. b4 Nd7 25. Bh3 f5 26. Bf1 Rxc1 27. Rxc1
Bxd5 28. Bxa6 Bxa2 29. Bb5 Be6 30. Bxb6 Rb8 31. Bxd7 Rxb6 32. Bxe6+ Rxe6 33. b5
Rb6 34. Rb1 Kf7 35. f3 Ke6 36. Kf2 Kd5 37. Ke3 g5 38. Rd1+ Kc5 39. Rd7 g6 40.
Re7 Kd6 41. Ra7 Kd5 42. Rd7+ Kc4 43. Re7 Rxb5 44. Re6 f4+ 45. Ke4 Rb2 46. Rxe5
Re2# 0-1

[Event "23. Torneo San Viator"]
[Site "Madrid ESP"]
[Date "2014.09.28"]
[Round "1.39"]
[White "Borras Cerda, Carlos"]
[Black "Brasa Olmos, Joaquin"]
[Result "0-1"]
[WhiteElo "1384"]
[BlackElo "1527"]
[PlyCount "60"]
[EventDate "2014.09.28"]
[EventType "swiss"]
[EventRounds "9"]
[EventCountry "ESP"]
[SourceTitle "Ajedrez en Madrid"]
[Source "lmi"]
[SourceDate "2014.09.28"]
[SourceVersion "1"]
[SourceVersionDate "2014.12.18"]
[SourceQuality "1"]

1. d4 g6 2. Nf3 Bg7 3. Bg5 c5 4. e3 cxd4 5. exd4 Nc6 6. c3 Nf6 7. Nbd2 O-O 8.
Bd3 a6 9. Qc2 d5 10. h3 Re8 11. O-O Be6 12. Rfe1 Rc8 13. Qd1 Qd7 14. h4 Bf5 15.
Bxf5 Qxf5 16. Qb1 Qd7 17. Qd3 Nh5 18. Re2 f6 19. Be3 e5 20. dxe5 fxe5 21. Qb1
e4 22. Nd4 Ne5 23. f3 Ng3 24. Re1 Nd3 25. Rd1 Qe7 26. Bg5 Bf6 27. Bxf6 Qxf6 28.
Nf1 Ne2+ 29. Kh1 Qxh4+ 30. Nh2 Nf2# 0-1

[Event "23. Torneo San Viator"]
[Site "Madrid ESP"]
[Date "2014.09.28"]
[Round "1.41"]
[White "Jimenez Sanchez, Juan Daniel"]
[Black "Blanco Diez, David"]
[Result "0-1"]
[WhiteElo "1367"]
[BlackElo "1506"]
[PlyCount "80"]
[EventDate "2014.09.28"]
[EventType "swiss"]
[EventRounds "9"]
[EventCountry "ESP"]
[SourceTitle "Ajedrez en Madrid"]
[Source "lmi"]
[SourceDate "2014.09.28"]
[SourceVersion "1"]
[SourceVersionDate "2014.12.18"]
[SourceQuality "1"]

1. d4 d5 2. c4 e6 3. Nf3 Nf6 4. g3 Be7 5. Bg2 O-O 6. O-O dxc4 7. Qc2 a6 8. Qxc4
b5 9. Qc2 Bb7 10. Bd2 Nc6 11. e3 Nb4 12. Bxb4 Bxb4 13. a3 Be7 14. b4 a5 15.
bxa5 Rxa5 16. Nbd2 Rxa3 17. Rac1 Nd5 18. e4 Nc3 19. Rfe1 b4 20. Nc4 Ra2 21. Qb3
Re2 22. Rxc3 Rxe1+ 23. Nxe1 bxc3 24. Qxb7 Qxd4 25. Qxc7 Bc5 26. Ne3 Qd2 27.
N1c2 Bxe3 28. Nxe3 h6 29. Qa5 Rb8 30. e5 g6 31. Be4 Rb2 32. Qa8+ Kg7 33. Nc2
Rxc2 34. Bxc2 Qxc2 35. Qd8 Qb1+ 36. Kg2 Qe4+ 37. Kg1 Qxe5 38. Qd3 Qe1+ 39. Kg2
Qd2 40. Qe4 Qd5 0-1

[Event "23. Torneo San Viator"]
[Site "Madrid ESP"]
[Date "2014.09.28"]
[Round "1.42"]
[White "Gallego Romero, Manuel"]
[Black "Perez Perez, Marta"]
[Result "0-1"]
[WhiteElo "1500"]
[BlackElo "1364"]
[PlyCount "92"]
[EventDate "2014.09.28"]
[EventType "swiss"]
[EventRounds "9"]
[EventCountry "ESP"]
[SourceTitle "Ajedrez en Madrid"]
[Source "lmi"]
[SourceDate "2014.09.28"]
[SourceVersion "1"]
[SourceVersionDate "2014.12.18"]
[SourceQuality "1"]

1. e4 e5 2. Bc4 Nf6 3. d3 h6 4. h3 Bc5 5. Nf3 d6 6. O-O Nc6 7. a3 Bb6 8. Re1
O-O 9. Nc3 a6 10. Be3 Bxe3 11. Rxe3 Nd4 12. Ne2 Nxf3+ 13. Rxf3 Nh5 14. Ng3 Nf4
15. Nf5 Bxf5 16. exf5 Qg5 17. g4 h5 18. Rg3 hxg4 19. Qxg4 Qxg4 20. Rxg4 Nxh3+
21. Kg2 Nf4+ 22. Kf3 d5 23. Ba2 f6 24. Rag1 Rf7 25. Rh1 c6 26. Rgh4 Rff8 27.
Rg4 Rad8 28. Ke3 Kf7 29. Rh7 Rg8 30. c3 Rd7 31. Bb3 Ke8 32. d4 Rf7 33. c4 Kd7
34. cxd5 cxd5 35. Rh1 Kd6 36. Rd1 g6 37. dxe5+ fxe5 38. fxg6 Rfg7 39. Bxd5
Nxd5+ 40. Ke4 Rxg6 41. Rxd5+ Ke6 42. Rxe5+ Kd6 43. Rd5+ Ke6 44. Rxg6+ Rxg6 45.
Rf5 Rg2 46. Kf4 Rxf2+ 0-1

[Event "23. Torneo San Viator"]
[Site "Madrid ESP"]
[Date "2014.09.28"]
[Round "1.43"]
[White "Jarne Ubieto, Francisco"]
[Black "Porris Rebollar, Ivan"]
[Result "0-1"]
[WhiteElo "1356"]
[BlackElo "1493"]
[PlyCount "98"]
[EventDate "2014.09.28"]
[EventType "swiss"]
[EventRounds "9"]
[EventCountry "ESP"]
[SourceTitle "Ajedrez en Madrid"]
[Source "lmi"]
[SourceDate "2014.09.28"]
[SourceVersion "1"]
[SourceVersionDate "2014.12.18"]
[SourceQuality "1"]

1. d4 d5 2. e3 e6 3. Nf3 Nf6 4. Bd3 Be7 5. O-O O-O 6. b3 b6 7. Bb2 Bb7 8. Nbd2
c5 9. Ne5 Nc6 10. Ndf3 Qc7 11. Nxc6 Qxc6 12. Ne5 Qc7 13. c4 Bd6 14. f4 Ba6 15.
Rc1 Rac8 16. Qc2 Rfe8 17. Rf3 g6 18. Rh3 cxd4 19. exd4 Nh5 20. Rxh5 gxh5 21.
Bxh7+ Kh8 22. Rf1 f6 23. Bg6 fxe5 24. Bxe8 Rxe8 25. fxe5 Bb4 26. Qg6 Rf8 27.
Rxf8+ Bxf8 28. Qf6+ Bg7 29. Qxe6 dxc4 30. Qe8+ Kh7 31. Qxh5+ Kg8 32. Qe8+ Bf8
33. Qg6+ Qg7 34. Qe6+ Qf7 35. Qxf7+ Kxf7 36. Kf2 cxb3 37. axb3 Bb7 38. g3 Bd5
39. h4 Bxb3 40. g4 Be6 41. g5 Kg6 42. Kg3 Kf5 43. Kf3 a5 44. Ba1 a4 45. Bc3 a3
46. Ba1 b5 47. Ke3 b4 48. Kd3 Kg4 49. g6 Kxh4 0-1

[Event "23. Torneo San Viator"]
[Site "Madrid ESP"]
[Date "2014.09.28"]
[Round "1.44"]
[White "Jimenez Manzano, Emiliano"]
[Black "Ortiz Alonso, Carlos"]
[Result "1-0"]
[WhiteElo "1490"]
[BlackElo "1349"]
[PlyCount "89"]
[EventDate "2014.09.28"]
[EventType "swiss"]
[EventRounds "9"]
[EventCountry "ESP"]
[SourceTitle "Ajedrez en Madrid"]
[Source "lmi"]
[SourceDate "2014.09.28"]
[SourceVersion "1"]
[SourceVersionDate "2014.12.18"]
[SourceQuality "1"]

1. e4 e5 2. f4 Nc6 3. Nf3 d6 4. Bc4 h6 5. d3 Bg4 6. O-O Nf6 7. Be3 exf4 8. Bxf4
g5 9. Be3 Qd7 10. Nbd2 O-O-O 11. c3 d5 12. exd5 Nxd5 13. Bf2 Nb6 14. Bb5 Qd5
15. Bxc6 Qxc6 16. Ne5 Bxd1 17. Nxc6 bxc6 18. Raxd1 Rxd3 19. Bd4 Rg8 20. Rfe1
Bd6 21. Ne4 Rxd1 22. Nxd6+ cxd6 23. Rxd1 Kd7 24. b3 Kc7 25. Rf1 c5 26. Rxf7+
Kc6 27. Bf2 Nd5 28. c4 Nc7 29. g4 Rh8 30. Kg2 a5 31. Be1 Ra8 32. Rh7 a4 33. b4
cxb4 34. Bxb4 Rb8 35. a3 Na6 36. Bxd6 Rd8 37. Be7 Rd4 38. Rxh6+ Kb7 39. h3 Rxc4
40. Bxg5 Nc7 41. Rh7 Kc6 42. Bd8 Nb5 43. g5 Kd5 44. g6 Nd6 45. g7 1-0

[Event "23. Torneo San Viator"]
[Site "Madrid ESP"]
[Date "2014.09.28"]
[Round "1.45"]
[White "Del Rio Perezagua, Mario"]
[Black "Santos Valdivia, Victor Manuel"]
[Result "0-1"]
[WhiteElo "1348"]
[BlackElo "1473"]
[PlyCount "68"]
[EventDate "2014.09.28"]
[EventType "swiss"]
[EventRounds "9"]
[EventCountry "ESP"]
[SourceTitle "Ajedrez en Madrid"]
[Source "lmi"]
[SourceDate "2014.09.28"]
[SourceVersion "1"]
[SourceVersionDate "2014.12.18"]
[SourceQuality "1"]

1. e4 e6 2. d4 d5 3. exd5 exd5 4. c3 Nf6 5. Bd3 Bg4 6. Nf3 Ne4 7. Nbd2 f5 8.
O-O Bd6 9. Re1 O-O 10. c4 c6 11. c5 Bc7 12. b4 a6 13. Bb2 Nxd2 14. Qxd2 Bxf3
15. gxf3 Qh4 16. Kf1 Qxh2 17. Ke2 Bf4 18. Rh1 Re8+ 19. Kd1 Qxh1+ 20. Kc2 Qxa1
21. Qxf4 Qg1 22. Bc3 Nd7 23. Qxf5 Nf6 24. Qf4 Re7 25. Qd2 Rae8 26. Kb3 Rf7 27.
Qb2 h5 28. Bf5 g6 29. Bd3 h4 30. Bd2 Kg7 31. Bf4 h3 32. Qd2 Rh8 33. Be5 h2 34.
Bxh2 Rxh2 0-1